000
00323nam a2200145Ia 4500
100
_a
Hall/ Joseph N/ Schwartz/ R.L.
942
_c
BK
654
_a
computer
245
_a
Effective Perl programming
260
_b
Addison Wesley Pub
_c
1998
082
_a
5.13
_b
HAL/SCH
300
_a
273
546
_a
ENGLISH
999
_c
24061
_d
24061